Welcome to CU Library Online Public Access Catalogue (OPAC)

The Anatomy of Language: (Record no. 4894)

MARC details
000 -LEADER
fixed length control field 00478nam a22001697a 4500
005 - DATE AND TIME OF LATEST TRANSACTION
control field 20250317164312.0
008 - FIXED-LENGTH DATA ELEMENTS--GENERAL INFORMATION
fixed length control field 250317b |||||||| |||| 00| 0 eng d
020 ## - INTERNATIONAL STANDARD BOOK NUMBER
International Standard Book Number 8170963559
050 ## - LIBRARY OF CONGRESS CALL NUMBER
Classification number PE1585
Item number .B6 BOU
100 ## - MAIN ENTRY--PERSONAL NAME
Personal name Boulton Marjorie
245 ## - TITLE STATEMENT
Title The Anatomy of Language:
Remainder of title saying what we mean/
Statement of responsibility, etc. Marjorie Boulton
260 ## - PUBLICATION, DISTRIBUTION, ETC.
Place of publication, distribution, etc. New Delhi
Name of publisher, distributor, etc. Kalyani Publishers
Date of publication, distribution, etc. 2008
300 ## - PHYSICAL DESCRIPTION
Extent ix. 170p.
Dimensions 14 cm
500 ## - GENERAL NOTE
General note Includes Index
650 ## - SUBJECT ADDED ENTRY--TOPICAL TERM
Source of heading or term Language
942 ## - ADDED ENTRY ELEMENTS (KOHA)
Source of classification or shelving scheme Library of Congress Classification
Koha item type Books
Suppress in OPAC No
999 ## -
-- 4894
-- 4894
Holdings
Withdrawn status Lost status Source of classification or shelving scheme Damaged status Not for loan Collection Home library Current library Shelving location Date acquired Total checkouts Full call number Barcode Date last seen Copy number Price effective from Koha item type
    Library of Congress Classification     Non-fiction Business Library (Miotso) Business Library (Miotso) General stacks 03/17/2025   PE1585 .B6 BOU BSSM00001422 03/17/2025 1 03/17/2025 Books
© 2023-2024 Copyright: Central University Libraries. All Rights Reserved | Created by: Mahone Tech Office